000 00389nam a2200169Ia 4500
001 7795
003 IN-NITTTR
005 20251114233031.0
008 251113s9999||||xx |||||||||||||| ||eng||
040 _beng
040 _cIN-NITTTR
041 _aeng
082 _a291.3 R144I
100 _aRamdas, Swami
245 0 _aIn the vision of god- part II. /
_cRamdas, Swami
942 _2ddc
_cBK
999 _c10433
_d10433